| 000 | 01208cad a22002055a 4500 | ||
|---|---|---|---|
| 001 | L157291 | ||
| 008 | 121011s2012 xxkd f s f000 0 eng d | ||
| 035 | _a(Sirsi) u157291 | ||
| 041 | 0 | _aeng | |
| 110 | 1 |
_aUnited Kingdom _bOffice of National Statistics _92035 |
|
| 245 | 0 | 0 |
_aOutput in the construction industry _bJuly 2012 _h[electronic resource] |
| 260 |
_a[S.l.] _bONS _c2012 |
||
| 490 | 0 |
_aStatistical bulletin _v14 September 2012 |
|
| 520 | _aIn constant (2005) prices, non-seasonally adjusted, the total volume of construction output in July 2012 is estimated to have been 10.1% lower than in July 2011. Comparing the three months from May to July 2012 with the same three months one year ago (constant (2005) prices, non-seasonally adjusted) we see that the volume of construction output decreased by 10.0%. New work decreased by 14.2% and repair & maintenance decreased by 1.2%. Over the same period the volume of new infrastructure work decreased by 23.9%. | ||
| 590 | _aKA | ||
| 651 | 4 |
_aGreat Britain _y1707- |
|
| 690 |
_aConstruction management _96230 |
||
| 856 | 4 | 0 |
_uhttps://www.ons.gov.uk/ons/dcp171780_278624.pdf _zView the statistical bulletin free of charge at www.ons.gov.uk |
| 942 | _n0 | ||
| 999 |
_c114703 _d114703 |
||